00549nam a22001697a 4500008004100000020001500041035001300056037001300069082001100082100002100093245009900114260004400213270005300257300002800310650002200338700001900360180605b xxu||||| |||| 00| 0 eng d a8123013577 aA-939254 bBBPD/PUB a401.43 aLarson, Richard  a knowledge of Meaning:An Introduction to Semantic Theorycby RichardLarson and Gabriel Segal  aNew DelhibPrentice Hall of Indiac1995 aM-97 Cannaught Circus bNew DelhicDelhie110015 axvii, 638 p.c23cm (Hb) aGeneral knowledge aSegal,Gabriel